Člověk a životní prostředí

Guardado en:
Detalles Bibliográficos
Formato: Libro
Lenguaje:checo
Publicado: Praha : Státní pedagogické nakladatelství, 1987
Etiquetas: Agregar Etiqueta
Sin Etiquetas, Sea el primero en etiquetar este registro!

MARC

LEADER 00000nam a22000003a 4500
001 stu28255
005 20150408181156.7
008 950302s1987----cs------------------cze-d
040 |a STU  |b slo 
041 0 |a cze 
044 |a cs 
080 |a 331.82 
245 |a Člověk a životní prostředí 
260 |a Praha :  |b Státní pedagogické nakladatelství,  |c 1987 
300 |a 263 s 
996 |b 284V025724  |c V*33631/O-13730  |l VVS  |s A  |a 24  |w stu28255_0002 
996 |b 284V025725  |c V*33632/O-13730a  |l VVS  |s A  |a 24  |w stu28255_0003